Molecular structure and processing characteristics of metallocene EPDM rubbers (Record no. 63219)

MARC details
000 -LEADER
fixed length control field 00538nam a2200193Ia 4500
100 ## - MAIN ENTRY--AUTHOR NAME
Personal name Liang Wenbin
245 #0 - TITLE STATEMENT
Title Molecular structure and processing characteristics of metallocene EPDM rubbers
260 ## - PUBLICATION, DISTRIBUTION, ETC. (IMPRINT)
Name of publisher Rubber Chemistry and Technology
Year of publication 2009
300 ## - PHYSICAL DESCRIPTION
Number of Pages 506-523
650 ## - SUBJECT ADDED ENTRY--TOPICAL TERM
Topical Term EPDM rubbers
700 ## - ADDED ENTRY--PERSONAL NAME
Personal name Bette Cristiano
700 ## - ADDED ENTRY--PERSONAL NAME
Personal name Clayfield Tim
700 ## - ADDED ENTRY--PERSONAL NAME
Personal name Daniel Sherrika
700 ## - ADDED ENTRY--PERSONAL NAME
Personal name Tang Solomon
700 ## - ADDED ENTRY--PERSONAL NAME
Personal name Vara Rajan
700 ## - ADDED ENTRY--PERSONAL NAME
Personal name Watson Sandra
942 ## - ADDED ENTRY ELEMENTS (KOHA)
Koha item type Journals
Holdings
Withdrawn status Lost status Damaged status Not for loan Home library Current library Date acquired Serial Enumeration / chronology Koha item type
      Journals RRII Library RRII Library 30/04/2010 Volume 82, Issue 5 Journals